Sijoita aakkonen Suomen kunnan nimeen - Statistics

Yleistilastot
  • Tätä visaa on pelattu 154 kertaa
  • Keskiarvotulos 20 / 22
Vastaustilastot
Hint Vastaus % Oikein
Hako N
96%
Ätäri H
95%
Pikkala R
95%
Orivei S
95%
Koka T
95%
Noki A
94%
Puasjärvi D
94%
Sulava K
94%
Apua L
94%
Suntio I
93%
Monio U
93%
Alaus V
93%
Kanasniemi G
92%
Vipeli M
91%
Rändö B
89%
Lieri P
89%
Ulu O
88%
Ekerö C
87%
Uva J
84%
Päjä Y
81%
Öglö
F
80%
Urajoki E
77%
Ehtoja vastaavia visoja ei löytynyt
Tulosjakauma
Jokaisen tuloksen saaneiden osuus
Persentiili vastausten määrän mukaan
Tuloshistoriasi
Et ole pelannut tätä visaa